00584nam a2200169 a 450000500170000000800410001702000180005805000240007610000190010024500590011926000390017830000100021744000340022765000120026199900190027395201220029220140412111250.0010328s19uu xx 00 eng d a0-590-76494-2 aTR(GS 414bS36 Bk.7 aDaniel, Claire aShort and long vowels, grades 1-2 /cby Claire Daniel. aNew York :bScholastic Inc,c1997. a31 p. aScholastic: Fun with Phonics! aPhonics c103096d103096 001040aELbELcTRd2001-03-28eLib. Fundg425.00l0oTR(GS 414 S36 Bk.7pE3863r2014-04-12 00:00:00w2014-04-12yBK